000 00806nam a22003017a 4500
001 0029791
003 KOHA_MİRAKIL
005 20260207002709.0
007 ta
008 161219b2007 tu |||gr||||#||||0|tur |
020 _a9759714642
_c25
040 _aTR-BiSEU
_btur
_cTR-BiSEU
_erda
041 0 _atur
044 _ctu
050 _aRA784
_b.D46 2007
100 1 _aDemirci, Mehmet.
245 1 _aBeslenme/
_cMehmet Demirci ; Mehmet Demirci.
264 1 _aTekirdağ :
_bNamık Kemal Üniversitesi
_c2007
300 _a342 sayfa; 25 cm.
336 _ametin
_btxt
_2rdacontent
337 _aaracısız
_bn
_2rdamedia
338 _acilt
_bnc
_2rdacarrier
500 _aDizin var.
500 _aKaynakça var.
650 0 _aBeslenme.
_91530
650 0 _aNutrition.
_92956
942 _2lcc
_cBK
999 _c29712
_d29712